Central Library OPAC University of Rajshahi

معجم التعابير العصرية : عربي-فارسي = Dictionary of modern expressions: Arabic-Persian / (Record no. 78868)

MARC details
000 -LEADER
fixed length control field 01024aaa a2200241 a 4500
001 - CONTROL NUMBER
control field 78868
003 - CONTROL NUMBER IDENTIFIER
rucl marc code BD-RjUL
005 - DATE AND TIME OF LATEST TRANSACTION
control field 20211209083201.0
008 - FIXED-LENGTH DATA ELEMENTS--GENERAL INFORMATION
fixed length control field 211123s1997 mr ||||| d||| 00| 0 ara d
020 ## - INTERNATIONAL STANDARD BOOK NUMBER
International Standard Book Number 9981261165
035 ## - SYSTEM CONTROL NUMBER
System control number (BD-RjUL)79095
040 ## - CATALOGING SOURCE
Original cataloging agency BD-RjUL
Language of cataloging eng
Transcribing agency BD-RjUL
041 ## - LANGUAGE CODE
Language code of text/sound track or separate title ara
082 ## - DEWEY DECIMAL CLASSIFICATION NUMBER
Edition number 23
Classification number 491.5537
Author mark and year MAM 1997
100 ## - MAIN ENTRY--PERSONAL NAME
Personal name ماجدي، صالح ;; Majedi, saleh
9 (RLIN) 250403
245 ## - TITLE STATEMENT
Title معجم التعابير العصرية : عربي-فارسي = Dictionary of modern expressions: Arabic-Persian /
Statement of responsibility, etc. صالح ماجدى = Saleh Majedy
260 ## - PUBLICATION, DISTRIBUTION, ETC. (IMPRINT)
Place of publication, distribution, etc. الرباط، المغرب : .= Rabat, Morocco :
Name of publisher, distributor, etc. ISESCO ;; المنظمة الإسلامية للتربية والعلوم والثقافة-إيسيسكو،
Date of publication, distribution, etc. 1997 1418
300 ## - PHYSICAL DESCRIPTION
Pagination 255 p. ;
Size 24 cm
650 ## - SUBJECT ADDED ENTRY--TOPICAL TERM
Topical term or geographic name as entry element Arabic language
Form subdivision Idioms
9 (RLIN) 250404
General subdivision Dictionaries -- Persian.
Topical term or geographic name as entry element Arabic language -- Terms and phrases
Form subdivision Dictionaries
General subdivision Persian.
9 (RLIN) 250405
Topical term or geographic name as entry element Arabic language
Form subdivision Idioms.
9 (RLIN) 250406
942 ## - ADDED ENTRY ELEMENTS (KOHA)
Source of classification or shelving scheme Dewey Decimal Classification
Koha item type Reference
Holdings
Lost status Source of classification or shelving scheme Damaged status Not for loan Collection code Permanent Location Current Location Shelving location Date acquired Total Checkouts Full call number Date last seen Copy number Koha item type
  Dewey Decimal Classification   Not For Loan Reference Central Library, University of Rajshahi Central Library, University of Rajshahi   23/11/2021   FR 491.5537 MAM 1997 23/11/2021 C-1 Reference